000
002230000a22000970004500
100
1
_a
Mottesi, Alberto H.
245
1
0
_a
Seven keys in your pocket
300
_a
Núm 3 (1984), Páginas 9-10
773
0
_t
Together
942
_c
ANA
999
_c
57036
_d
57036